[Event "15th ECI tournament, Euwe memorial"]
[Site "Sas van Gent"]
[Date "1988.08.??"]
[Round "1"]
[White "Tonoli, Walter"]
[Black "van Wely, Loek"]
[Result "1/2-1/2"]
[WhiteElo "2335"]
[BlackElo "2325"]
[EventDate "1988.08.04"]
[Source "M. Ploeger, 15e Internationaal ECI-schaaktoernooi, 1988"]

1. c4 g6 2. g3 Bg7 3. Bg2 Nf6 4. Nc3 O-O 5. e4 d6 6. Nge2 c5 7. d3 Nc6 8. O-O
a6 9. a3 Rb8 10. Rb1 b5 11. cxb5 axb5 12. b4 c4 13. dxc4 bxc4 14. h3 Ne5 15. Be3
Bb7 16. Qd2 h5 17. Kh2 Qc8 18. f4 Nd3 19. Nc1 Nxc1 20. Rfxc1 Qe6 21. Qc2 h4
22. g4 Nxe4 23. Nxe4 d5 24. Ba7 Ra8 25. Ng5 Qd6 26. Qf2 Rxa7 27. Qxa7 Qxf4+
28. Kh1 Ba8 29. Qxe7 Bf6 30. Ne6 Qxc1+ 31. Rxc1 Bxe7 32. Nxf8 Kxf8 33. Rxc4 dxc4
34. Bxa8 1/2-1/2

[Event "15th ECI tournament, Euwe memorial"]
[Site "Sas van Gent"]
[Date "1988.08.??"]
[Round "1"]
[White "Meulders, Richard"]
[Black "Vogel, Jaap"]
[Result "0-1"]
[WhiteElo "2320"]
[BlackElo "2250"]
[EventDate "1988.08.04"]
[Source "M. Ploeger, 15e Internationaal ECI-schaaktoernooi, 1988"]
[WhiteTitle "FM"]
[BlackTitle "FM"]

1. d4 Nf6 2. c4 e6 3. Nc3 Bb4 4. e3 c5 5. Bd3 Nc6 6. Ne2 cxd4 7. exd4 d5
8. cxd5 exd5 9. O-O O-O 10. Bg5 Be7 11. a3 Bg4 12. f3 Bh5 13. Qc2 Bg6 14. Bxg6
hxg6 15. Rad1 Rc8 16. f4 Ng4 17. Bxe7 Nxe7 18. Rd3 Nf5 19. Qd2 Re8 20. Nd1 Nd6
21. Nec3 f5 22. Rg3 Kh7 23. Qd3 Nf6 24. Ne3 Nde4 25. Nxe4 Rxe4 26. Rgf3 Qb6
27. Rd1 a5 28. Qd2 a4 29. h3 Qe6 30. Rdf1 Re8 31. Re1 Qb6 32. Rd1 R8e7 33. g3
Qb3 34. Kf2 Rxe3 35. Rxe3 Rxe3 0-1

[Event "15th ECI tournament, Euwe memorial"]
[Site "Sas van Gent"]
[Date "1988.08.??"]
[Round "1"]
[White "Goormachtigh, Johan"]
[Black "Weemaes, Ronald"]
[Result "1/2-1/2"]
[WhiteElo "2315"]
[BlackElo "2340"]
[EventDate "1988.08.04"]
[Source "M. Ploeger, 15e Internationaal ECI-schaaktoernooi, 1988"]
[WhiteTitle "FM"]
[BlackTitle "FM"]

1. c4 Nf6 2. Nf3 g6 3. Nc3 d6 4. d4 Bg7 5. g3 O-O 6. Bg2 c6 7. O-O Qa5 8. h3
Be6 9. d5 cxd5 10. Nd4 Bd7 11. Nb3 Qd8 12. cxd5 a5 13. Be3 Na6 14. Nd4 Rc8
15. Qb3 Nc5 16. Qa3 a4 17. Rfc1 Ra8 18. Qb4 Ra5 19. Qc4 Qa8 20. Nc2 Rc8 21. Qh4
Bf5 22. Nd4 Bd7 23. Nc2 Bf5 24. Nd4 1/2-1/2

[Event "15th ECI tournament, Euwe memorial"]
[Site "Sas van Gent"]
[Date "1988.08.??"]
[Round "2"]
[White "Weemaes, Ronald"]
[Black "Pirisi, Gábor"]
[Result "1-0"]
[WhiteElo "2340"]
[BlackElo "2370"]
[EventDate "1988.08.04"]
[Source "M. Ploeger, 15e Internationaal ECI-schaaktoernooi, 1988"]
[WhiteTitle "FM"]
[BlackTitle "IM"]

1. d4 Nf6 2. Nf3 g6 3. Bf4 Bg7 4. Nbd2 d6 5. h3 O-O 6. e3 Nbd7 7. c3 b6 8. Be2
Bb7 9. O-O Qe8 10. Bh2 e5 11. dxe5 dxe5 12. Nc4 Ne4 13. Nfd2 Nxd2 14. Qxd2 Nc5
15. Rfd1 Qe7 16. b4 Rad8 17. Qe1 Nd7 18. Rd2 f5 19. Bf1 h5 20. Qe2 Kh7 21. Rad1
Qe6 22. Nxe5 Bxe5 23. Bxe5 Rf7 24. Bxc7 Rc8 25. Qc4 Qe8 26. Qxf7+ Qxf7 27. Rxd7
Rxc7 28. Rxf7+ Rxf7 29. Bb5 Kg7 30. Rd7 g5 31. f4 1-0

[Event "15th ECI tournament, Euwe memorial"]
[Site "Sas van Gent"]
[Date "1988.08.??"]
[Round "2"]
[White "Cardon, Helmut"]
[Black "Goormachtigh, Johan"]
[Result "1-0"]
[WhiteElo "2380"]
[BlackElo "2315"]
[EventDate "1988.08.04"]
[Source "M. Ploeger, 15e Internationaal ECI-schaaktoernooi, 1988"]
[WhiteTitle "IM"]
[BlackTitle "FM"]

1. d4 Nf6 2. c4 g6 3. Nc3 d5 4. Bf4 Bg7 5. Nf3 O-O 6. e3 c5 7. dxc5 Qa5 8. Rc1
dxc4 9. Bxc4 Qxc5 10. Bb3 Nc6 11. O-O Qa5 12. h3 Bf5 13. Qe2 Ne4 14. Nd5 e5
15. Bh2 Be6 16. Rfd1 Rfd8 17. Qc4 Nf6 18. e4 Rac8 19. Qc5 Qxc5 20. Rxc5 Nxe4
21. Rxc6 Rxc6 22. Ne7+ Kf8 23. Nxc6 Rxd1+ 24. Bxd1 bxc6 25. Bc2 Bd5 26. Bxe5
Bxe5 27. Nxe5 Ke7 28. a3 Kd6 29. Nxf7+ Kc5 30. Ne5 Nd2 31. Nd7+ Kd4 32. Nf6 Nc4
33. Nxh7 Nxb2 34. Bxg6 Nd3 35. Nf6 Nf4 36. Nxd5 Nxg6 37. Ne3 Kc3 38. g3 Kb3
39. h4 Kxa3 40. h5 Ne5 41. f4 1-0

[Event "15th ECI tournament, Euwe memorial"]
[Site "Sas van Gent"]
[Date "1988.08.??"]
[Round "2"]
[White "Tonoli, Walter"]
[Black "Meulders, Richard"]
[Result "1-0"]
[WhiteElo "2335"]
[BlackElo "2320"]
[EventDate "1988.08.04"]
[Source "M. Ploeger, 15e Internationaal ECI-schaaktoernooi, 1988"]
[BlackTitle "FM"]

1. c4 e5 2. g3 Nc6 3. Bg2 g6 4. Nc3 Bg7 5. Rb1 a5 6. a3 Nf6 7. b4 axb4 8. axb4
O-O 9. d3 d6 10. b5 Ne7 11. Nf3 h6 12. O-O Be6 13. Qc2 Qd7 14. Rd1 Bh3 15. Bh1
Nf5 16. Nd5 Nxd5 17. cxd5 g5 18. e3 Ne7 19. Nd2 f5 20. b6 c6 21. dxc6 bxc6
22. Qb3+ Kh8 23. Ba3 Rab8 24. Nc4 Rf6 25. d4 e4 26. Ne5 Qd8 27. Nf7+ Rxf7
28. Qxf7 Nd5 29. Rdc1 Rxb6 30. Rxb6 Qxb6 31. Qe8+ Kh7 32. Qxc6 Qb3 33. Bxd6 Nxe3
34. Be5 Ng4 35. Bxe4 Nxe5 36. dxe5 Qb2 37. e6 Qe5 38. Bg2 Bg4 39. h3 Bh5 40. Qd5
1-0

[Event "15th ECI tournament, Euwe memorial"]
[Site "Sas van Gent"]
[Date "1988.08.??"]
[Round "3"]
[White "Meulders, Richard"]
[Black "van Wely, Loek"]
[Result "1/2-1/2"]
[WhiteElo "2320"]
[BlackElo "2325"]
[EventDate "1988.08.04"]
[Source "M. Ploeger, 15e Internationaal ECI-schaaktoernooi, 1988"]
[WhiteTitle "FM"]

1. d4 Nf6 2. c4 g6 3. Nc3 Bg7 4. e4 O-O 5. f3 c5 6. d5 d6 7. Bg5 e6 8. Qd2 exd5
9. cxd5 Re8 10. Nge2 Nbd7 11. Ng3 a6 12. a4 Qc7 13. Be2 c4 14. O-O Nc5 15. Bxc4
Bd7 16. Be3 Qa5 17. Ra3 Qb4 18. Ba2 Rec8 19. Nge2 a5 20. Qc2 Be8 21. Rd1 Nfd7
22. Bd4 Ne5 23. f4 Ng4 24. h3 Nf6 25. e5 Nh5 26. Kh2 b5 27. axb5 Bxb5 28. Nxb5
Qxb5 29. Rc3 Rab8 30. Rd2 Bf8 31. g4 Ng7 32. f5 dxe5 33. Bxe5 Re8 34. Bxb8 Qxb8+
35. Kg2 Ne4 36. fxg6 hxg6 37. Rb3 Nxd2 38. Qxd2 Qe5 39. Ng3 a4 40. Rf3 Bd6
41. Qc3 1/2-1/2

[Event "15th ECI tournament, Euwe memorial"]
[Site "Sas van Gent"]
[Date "1988.08.??"]
[Round "3"]
[White "Faragó, Sándor"]
[Black "Tonoli, Walter"]
[Result "1-0"]
[WhiteElo "2400"]
[BlackElo "2335"]
[EventDate "1988.08.04"]
[Source "M. Ploeger, 15e Internationaal ECI-schaaktoernooi, 1988"]
[WhiteTitle "IM"]

1. d4 Nf6 2. Nf3 g6 3. c4 Bg7 4. g3 O-O 5. Bg2 c5 6. d5 e6 7. Nc3 exd5 8. cxd5
d6 9. O-O Nbd7 10. h3 a6 11. a4 Rb8 12. a5 b5 13. axb6 Nxb6 14. Nd2 Ne8 15. Qc2
Nc7 16. Nb3 Nb5 17. Na5 Qc7 18. Nc6 Ra8 19. Nxb5 axb5 20. Rxa8 Nxa8 21. Bf4 Re8
22. Ra1 Bb7 23. Ra7 Bf8 24. b3 Qb6 25. Qa2 Nc7 26. Qa5 Qxa5 27. Nxa5 Bxd5
28. Rxc7 Bxg2 29. Kxg2 Rxe2 30. Rb7 1-0

[Event "15th ECI tournament, Euwe memorial"]
[Site "Sas van Gent"]
[Date "1988.08.??"]
[Round "3"]
[White "Goormachtigh, Johan"]
[Black "Vogel, Jaap"]
[Result "0-1"]
[WhiteElo "2315"]
[BlackElo "2250"]
[EventDate "1988.08.04"]
[Source "M. Ploeger, 15e Internationaal ECI-schaaktoernooi, 1988"]
[WhiteTitle "FM"]
[BlackTitle "FM"]

1. Nf3 Nf6 2. c4 b6 3. g3 Bb7 4. Bg2 e6 5. d4 Bb4+ 6. Bd2 Bxd2+ 7. Qxd2 d6
8. Nc3 Nbd7 9. O-O O-O 10. d5 e5 11. Ne1 a5 12. Nd3 Qe7 13. e4 Nc5 14. Nxc5 bxc5
15. Bh3 Ba6 16. Qd3 Rfb8 17. b3 Rb4 18. Rfb1 a4 19. Qc2 g6 20. Bf1 axb3 21. axb3
Rbb8 22. Bh3 Qd8 23. Ra4 Bb7 24. b4 Rxa4 25. Qxa4 Bc8 26. Bg2 cxb4 27. Rxb4 Bd7
28. Qb3 Rxb4 29. Qxb4 Qa8 30. Qb1 Qa7 31. Nb5 Qc5 32. Qf1 Kg7 33. h3 h5 34. Kh2
Bxb5 35. cxb5 Qd4 36. Qe2 Nd7 37. h4 Nc5 38. f3 Na4 39. Qc2 Nc3 40. Qb2 Qe3
41. Qa3 Nxd5 0-1

[Event "15th ECI tournament, Euwe memorial"]
[Site "Sas van Gent"]
[Date "1988.08.??"]
[Round "3"]
[White "Grooten, Herman"]
[Black "Weemaes, Ronald"]
[Result "0-1"]
[WhiteElo "2325"]
[BlackElo "2340"]
[EventDate "1988.08.04"]
[Source "M. Ploeger, 15e Internationaal ECI-schaaktoernooi, 1988"]
[WhiteTitle "FM"]
[BlackTitle "FM"]

1. d4 Nf6 2. Nf3 e6 3. c4 d5 4. Nc3 Be7 5. Bg5 h6 6. Bxf6 Bxf6 7. e3 O-O 8. Qc2
b6 9. O-O-O Bb7 10. cxd5 exd5 11. h4 c5 12. g4 cxd4 13. exd4 Qc7 14. Qd2 Be7
15. Kb1 Bb4 16. Rc1 Nc6 17. Bg2 Qd6 18. h5 Rae8 19. g5 Na5 20. gxh6 Nc4 21. Qd3
Qxh6 22. a3 Bd6 23. Ka2 Bf4 24. Rc2 Nd6 25. Ne2 Ne4 26. Nxf4 Qxf4 27. Rh4 Qh6
28. Rc7 Bc8 29. Qc2 Be6 30. Bh3 Qf6 31. Bxe6 Rxe6 32. Qb3 Nd2 33. Nxd2 Qxh4
34. Qxd5 Qxf2 35. Ne4 Qf3 36. Nc3 Qxd5+ 37. Nxd5 Rd8 38. Ne7+ Kh7 39. Nf5 Rf6
40. Ne7 Rxd4 41. Rxa7 Rh4 42. Nd5 Rd6 43. Ne3 Re4 44. Nf5 Rf6 45. Ne7 Re2 0-1

[Event "15th ECI tournament, Euwe memorial"]
[Site "Sas van Gent"]
[Date "1988.08.??"]
[Round "4"]
[White "van Wely, Loek"]
[Black "Weemaes, Ronald"]
[Result "1-0"]
[WhiteElo "2325"]
[BlackElo "2340"]
[EventDate "1988.08.04"]
[Source "M. Ploeger, 15e Internationaal ECI-schaaktoernooi, 1988"]
[BlackTitle "FM"]

1. d4 Nf6 2. Nf3 d5 3. c4 e6 4. Nc3 c6 5. Bg5 Nbd7 6. e3 Qa5 7. Nd2 Bb4 8. Qc2
Ne4 9. Ndxe4 dxe4 10. Bh4 O-O 11. Be2 e5 12. O-O exd4 13. exd4 g5 14. Bg3 f5
15. f4 Bxc3 16. bxc3 g4 17. Bh4 Nb6 18. Rfb1 Be6 19. Rb4 Rf7 20. Rab1 Rc8
21. Bf2 Rd7 22. R1b3 c5 23. Rb5 Qa4 24. d5 Bf7 25. Rb2 Qxc2 26. Rxc2 Rdc7
27. Rcb2 Na4 28. R2b3 a6 29. Ra5 Be8 30. Kf1 h5 31. Ke1 Rd8 32. Ra3 Nb2 33. Rxc5
Rxc5 34. Bxc5 Rc8 35. Ra5 b5 36. Bd4 Nd3+ 37. Bxd3 exd3 38. c5 Bf7 39. d6 Re8+
40. Be5 1-0

[Event "15th ECI tournament, Euwe memorial"]
[Site "Sas van Gent"]
[Date "1988.08.??"]
[Round "4"]
[White "Tonoli, Walter"]
[Black "Goormachtigh, Johan"]
[Result "1/2-1/2"]
[WhiteElo "2335"]
[BlackElo "2315"]
[EventDate "1988.08.04"]
[Source "M. Ploeger, 15e Internationaal ECI-schaaktoernooi, 1988"]
[WhiteTitle "FM"]
[BlackTitle "FM"]

1. c4 c5 2. Nc3 Nc6 3. g3 g6 4. Bg2 Bg7 5. a3 a5 6. Nf3 e5 7. O-O Nge7 8. Ne1
O-O 9. Nc2 d6 10. Ne3 Be6 11. Rb1 Rb8 12. d3 Nd4 13. Ned5 Nxd5 14. cxd5 Bd7
15. b4 cxb4 16. axb4 axb4 17. Ne4 Qc7 18. Rxb4 b5 19. e3 f5 20. exd4 fxe4
21. dxe4 exd4 22. Bb2 Qc5 23. Qd2 d3 24. Bxg7 Kxg7 25. Rb3 b4 26. Rfb1 Ba4
27. Rxd3 Bc2 28. Rc1 b3 29. Rc3 Rxf2 30. Qe1 Rxg2+ 31. Kxg2 Qd4 32. R3xc2 bxc2
33. Rxc2 Rb4 34. Re2 Ra4 35. Qf2 Qxf2+ 36. Kxf2 Kf6 37. Kf3 1/2-1/2

[Event "15th ECI tournament, Euwe memorial"]
[Site "Sas van Gent"]
[Date "1988.08.??"]
[Round "4"]
[White "Meulders, Richard"]
[Black "Faragó, Sándor"]
[Result "0-1"]
[WhiteElo "2320"]
[BlackElo "2400"]
[EventDate "1988.08.04"]
[Source "M. Ploeger, 15e Internationaal ECI-schaaktoernooi, 1988"]
[WhiteTitle "FM"]
[BlackTitle "IM"]

1. d4 Nf6 2. c4 e6 3. Nc3 Bb4 4. e3 c5 5. Bd3 d5 6. cxd5 exd5 7. Ne2 Nc6 8. O-O
O-O 9. a3 Bxc3 10. bxc3 Re8 11. Ng3 Bg4 12. f3 Be6 13. Rb1 b6 14. Bb5 Bd7 15. e4
cxd4 16. cxd4 dxe4 17. fxe4 Nxe4 18. Qf3 Nxg3 19. hxg3 Ne7 20. Qxf7+ Kh8 21. Bh6
Rg8 22. Be3 Bxb5 23. Rxb5 Rf8 24. Qxf8+ Qxf8 25. Rxf8+ Rxf8 26. a4 Rf5 27. Bf4
Rxb5 28. axb5 Kg8 29. Bb8 Kf7 30. Bxa7 Nd5 31. Kf2 Ke6 32. Kf3 Kd6 33. Bb8+ Kd7
34. Be5 g6 35. Kg4 Nc3 36. Kg5 Nxb5 37. Kh6 Ke6 38. g4 Nc3 39. Kxh7 Kf7 40. Bf4
Nd5 41. Bd2 b5 42. g5 b4 43. Kh6 b3 44. Bc1 Nf4 45. Ba3 Nxg2 46. Kh7 Ne3 47. Bc1
Nd5 48. Kh6 Ne3 49. Kh7 Nd5 50. Kh6 Nf4 51. Ba3 Ke6 52. Bc1 Kf5 53. Ba3 Ne6
54. d5 Nxg5 55. Kg7 Ne4 0-1

[Event "15th ECI tournament, Euwe memorial"]
[Site "Sas van Gent"]
[Date "1988.08.??"]
[Round "5"]
[White "Goormachtigh, Johan"]
[Black "Meulders, Richard"]
[Result "1/2-1/2"]
[WhiteElo "2315"]
[BlackElo "2320"]
[EventDate "1988.08.04"]
[Source "M. Ploeger, 15e Internationaal ECI-schaaktoernooi, 1988"]
[WhiteTitle "FM"]
[BlackTitle "FM"]

1. Nf3 c5 2. c4 Nc6 3. Nc3 g6 4. e3 Bg7 5. d4 d6 6. d5 Na5 7. Bd3 Bg4 8. Qa4+
Bd7 9. Qc2 Nf6 10. O-O a6 11. a4 O-O 12. h3 e5 13. Bd2 Re8 14. Nh2 Qb6 15. Ra3
Rab8 16. f3 Qd8 17. g4 Rf8 18. Nd1 b6 19. Kg2 Ne8 20. e4 Bf6 21. Qc1 Ng7 22. Nf2
Qe8 23. Qc2 Qd8 24. Qc1 1/2-1/2

[Event "15th ECI tournament, Euwe memorial"]
[Site "Sas van Gent"]
[Date "1988.08.??"]
[Round "5"]
[White "Pirisi, Gábor"]
[Black "Tonoli, Walter"]
[Result "1-0"]
[WhiteElo "2370"]
[BlackElo "2335"]
[EventDate "1988.08.04"]
[Source "M. Ploeger, 15e Internationaal ECI-schaaktoernooi, 1988"]
[WhiteTitle "IM"]

1. e4 e5 2. Nf3 Nc6 3. Bb5 Nf6 4. O-O Bc5 5. Nxe5 Nxe5 6. d4 a6 7. dxe5 axb5
8. exf6 Qxf6 9. Nc3 c6 10. e5 Qf5 11. Kh1 O-O 12. f4 d5 13. exd6 b4 14. Ne2 Rd8
15. Ng3 Qg6 16. f5 Qxd6 17. Qh5 Bd4 18. Bf4 Qd5 19. Rad1 Rxa2 20. Ne2 Qb5
21. Qh4 f6 22. Bc7 Qxe2 23. Bxd8 Be5 24. Rfe1 Qxc2 25. Bxf6 gxf6 26. Rd8+ Kg7
27. Qg4+ Kh6 28. Rg8 Qxf5 29. Qg7+ Kh5 30. g4+ 1-0

[Event "15th ECI tournament, Euwe memorial"]
[Site "Sas van Gent"]
[Date "1988.08.??"]
[Round "6"]
[White "Vogel, Jaap"]
[Black "Weemaes, Ronald"]
[Result "1/2-1/2"]
[WhiteElo "2250"]
[BlackElo "2340"]
[EventDate "1988.08.04"]
[Source "M. Ploeger, 15e Internationaal ECI-schaaktoernooi, 1988"]
[WhiteTitle "FM"]
[BlackTitle "FM"]

1. Nf3 Nc6 2. d4 d5 3. g3 Bf5 4. Bg2 e6 5. c4 Bb4+ 6. Nc3 Nf6 7. O-O Bxc3
8. bxc3 Ne4 9. Bb2 Na5 10. cxd5 exd5 11. Nh4 Bd7 12. Qc2 Qe7 13. f3 Nd6 14. e4
g5 15. Nf5 Nxf5 16. exf5 O-O-O 17. f4 g4 18. Bxd5 Qf6 19. c4 Bxf5 20. Qa4 b6
21. Rfe1 Bd7 22. Qc2 Bc6 23. Be4 Bxe4 24. Rxe4 Rhe8 25. d5 Qf5 26. Rae1 Nb7
27. Ba3 Qg6 28. R1e2 Rxe4 29. Rxe4 Nd6 30. Bxd6 Qxd6 31. f5 h5 32. Qf2 Qf6
33. h3 Rg8 34. Kh2 Rg5 35. Rf4 Qe5 36. f6 gxh3 37. Kxh3 Rg6 38. Kh2 Kb8 39. Rf5
Qc3 40. Rf4 Rg5 41. Re4 Re5 1/2-1/2

[Event "15th ECI tournament, Euwe memorial"]
[Site "Sas van Gent"]
[Date "1988.08.??"]
[Round "6"]
[White "Tonoli, Walter"]
[Black "Grooten, Herman"]
[Result "0-1"]
[WhiteElo "2335"]
[BlackElo "2325"]
[EventDate "1988.08.04"]
[Source "M. Ploeger, 15e Internationaal ECI-schaaktoernooi, 1988"]
[BlackTitle "FM"]

1. e4 c6 2. d4 d5 3. Nd2 dxe4 4. Nxe4 Bf5 5. Ng3 Bg6 6. h4 h6 7. f4 e6 8. Nf3
Bd6 9. Ne5 Bxe5 10. fxe5 Ne7 11. h5 Bh7 12. c3 c5 13. Qg4 cxd4 14. Qxg7 Rg8
15. Qxh7 Rxg3 16. Bb5+ Nbc6 17. O-O Qd5 18. Bxc6+ bxc6 19. Qxf7+ Kd7 20. Rf3 Rg4
21. Bxh6 Rag8 22. Rd1 Rxg2+ 23. Kh1 R2g4 24. Rxd4 Qxd4 0-1

[Event "15th ECI tournament, Euwe memorial"]
[Site "Sas van Gent"]
[Date "1988.08.??"]
[Round "6"]
[White "Meulders, Richard"]
[Black "Pirisi, Gábor"]
[Result "0-1"]
[WhiteElo "2320"]
[BlackElo "2370"]
[EventDate "1988.08.04"]
[Source "M. Ploeger, 15e Internationaal ECI-schaaktoernooi, 1988"]
[WhiteTitle "FM"]
[BlackTitle "IM"]

1. d4 Nf6 2. c4 g6 3. Nc3 Bg7 4. e4 O-O 5. f3 d6 6. Bg5 c5 7. d5 e6 8. Qd2 exd5
9. cxd5 a6 10. a4 Re8 11. Nge2 Nbd7 12. Nc1 h5 13. Be2 Nf8 14. O-O N8h7 15. Bf4
Qe7 16. Nd3 Nd7 17. Rfe1 g5 18. Be3 f5 19. Bf1 f4 20. Bf2 Ne5 21. Nxe5 Bxe5
22. Ne2 Rf8 23. Nc1 g4 24. fxg4 hxg4 25. g3 Ng5 26. Bg2 fxg3 27. Bxg3 Bd4+
28. Kh1 Nf3 29. Bxf3 gxf3 30. Nd3 Bh3 31. Nf2 Bg2+ 32. Kg1 Qg7 33. Bxd6 Rf6
34. Bg3 Rh6 35. Qf4 Rf8 36. Qc7 Bxf2+ 0-1

[Event "15th ECI tournament, Euwe memorial"]
[Site "Sas van Gent"]
[Date "1988.08.??"]
[Round "6"]
[White "Faragó, Sándor"]
[Black "Goormachtigh, Johan"]
[Result "1/2-1/2"]
[WhiteElo "2400"]
[BlackElo "2315"]
[EventDate "1988.08.04"]
[Source "M. Ploeger, 15e Internationaal ECI-schaaktoernooi, 1988"]
[WhiteTitle "IM"]
[BlackTitle "FM"]

1. d4 Nf6 2. Nf3 g6 3. g3 Bg7 4. Bg2 O-O 5. O-O d5 6. b3 c5 7. e3 Nc6 8. Bb2
cxd4 9. exd4 Bf5 10. c3 Rc8 11. Re1 Qb6 12. Nbd2 Rfd8 13. Nf1 Be4 14. Bh3 Bxf3
15. Qxf3 e6 16. Nd2 Qa5 17. Qd3 b5 18. b4 Qb6 19. Nb3 a5 20. a3 Ne4 21. Rxe4
dxe4 22. Qxe4 axb4 23. axb4 Ra8 24. Rxa8 Rxa8 25. Nc5 Rd8 26. Bc1 Ne7 27. Bg5
Re8 28. Bf1 Nd5 29. Qd3 Ra8 30. Bd2 Ra1 31. h3 Ra3 32. Qc2 Qc6 33. Bg2 Qa8
34. Qd3 Qc6 35. Qc2 1/2-1/2

[Event "15th ECI tournament, Euwe memorial"]
[Site "Sas van Gent"]
[Date "1988.08.??"]
[Round "7"]
[White "Goormachtigh, Johan"]
[Black "van Wely, Loek"]
[Result "1/2-1/2"]
[WhiteElo "2315"]
[BlackElo "2325"]
[EventDate "1988.08.04"]
[Source "M. Ploeger, 15e Internationaal ECI-schaaktoernooi, 1988"]
[WhiteTitle "FM"]

1. d4 Nf6 2. Nf3 g6 3. g3 Bg7 4. Bg2 O-O 5. c4 d6 6. O-O Nbd7 7. Qc2 e5 8. e4
c6 9. Rd1 exd4 10. Nxd4 a5 11. Nc3 Qb6 12. h3 Nc5 13. b3 a4 14. Rb1 axb3
15. axb3 Re8 16. Be3 Qc7 17. b4 Ne6 18. Nxe6 Bxe6 19. Bf4 Bxc4 20. Bxd6 Qb6
21. Na4 Qb5 22. Nb6 Ba2 23. Nxa8 Bxb1 24. Qxb1 Rxa8 25. Bf1 Qa4 26. Re1 Nd7
27. Kg2 1/2-1/2

[Event "15th ECI tournament, Euwe memorial"]
[Site "Sas van Gent"]
[Date "1988.08.??"]
[Round "7"]
[White "Grooten, Herman"]
[Black "Meulders, Richard"]
[Result "1/2-1/2"]
[WhiteElo "2325"]
[BlackElo "2320"]
[EventDate "1988.08.04"]
[Source "M. Ploeger, 15e Internationaal ECI-schaaktoernooi, 1988"]
[WhiteTitle "FM"]
[BlackTitle "FM"]

1. d4 f5 2. Nf3 Nf6 3. g3 e6 4. Bg2 d5 5. c4 c6 6. Qc2 Bd6 7. O-O O-O 8. b3 Qe7
9. a4 Ne4 10. Ba3 Bxa3 11. Nxa3 Nd7 12. Qb2 a5 13. Nc2 b6 14. Nce1 Ba6 15. Rc1
dxc4 16. bxc4 Qb4 17. Qc2 Rad8 18. Nd3 Qa3 19. Rfd1 Ndf6 20. e3 Ng4 21. h3 Ngf6
22. Nf4 Rfe8 23. Ne5 Rc8 24. Rb1 b5 25. axb5 cxb5 26. Ra1 Qc3 27. Rdc1 Qxc2
28. Rxc2 a4 29. Rb2 Rb8 30. Bf1 g5 31. Ng2 bxc4 32. Rxb8 Rxb8 33. Rxa4 Bb5
34. Rb4 Nd5 35. Rb2 Rb6 36. Bxc4 Bxc4 37. Nxc4 Rc6 38. Ne5 Rc1+ 39. Kh2 Rf1
40. Nd3 Rd1 41. Nge1 h5 42. Kg2 g4 43. Rb8+ Kg7 44. Rb7+ Kg8 45. Rb2 Kf8 46. Rc2
Ke7 47. h4 Ke8 48. Re2 Nec3 49. Rc2 Ne4 50. Kf1 Ke7 51. Ke2 Nec3+ 52. Kf1 Ne4
53. Ke2 Nec3+ 54. Kf1 Ne4 55. Nb2 Rb1 56. Nc4 Rd1 57. Nb2 Rb1 58. Nc4 Rd1
59. Rb2 Ndc3 60. Rc2 Nd5 61. Rb2 Ndc3 62. Rc2 1/2-1/2

[Event "15th ECI tournament, Euwe memorial"]
[Site "Sas van Gent"]
[Date "1988.08.??"]
[Round "7"]
[White "Weemaes, Ronald"]
[Black "Tonoli, Walter"]
[Result "1-0"]
[WhiteElo "2340"]
[BlackElo "2335"]
[EventDate "1988.08.04"]
[Source "M. Ploeger, 15e Internationaal ECI-schaaktoernooi, 1988"]
[WhiteTitle "FM"]

1. d4 g6 2. Nf3 Bg7 3. g3 c5 4. c3 cxd4 5. cxd4 d5 6. Bg2 Nc6 7. O-O e6 8. Nc3
Nge7 9. b3 O-O 10. a4 Bd7 11. Ba3 Qa5 12. Qd2 Rfc8 13. b4 Qd8 14. b5 Na5
15. Bxe7 Qxe7 16. Nxd5 Qd8 17. Ne7+ Qxe7 18. Qxa5 Rc2 19. Rfc1 b6 20. Qe1 Rac8
21. Rxc2 Rxc2 22. Qd1 Rc7 23. Ne5 Qd6 24. f4 Be8 25. Bc6 Bxc6 26. Nxc6 Rxc6
27. bxc6 Bxd4+ 28. e3 Bxe3+ 29. Kg2 Qxc6+ 30. Qf3 Qc2+ 31. Kh3 Qf5+ 32. Qg4 Qa5
33. Rd1 Qxa4 34. Rd8+ Kg7 35. Qf3 Bc5 36. Qc3+ Kh6 37. Rg8 Qd4 38. Qf3 Qf2
39. Qg4 Qf1+ 40. Kh4 Be7+ 41. Qg5+ 1-0

[Event "15th ECI tournament, Euwe memorial"]
[Site "Sas van Gent"]
[Date "1988.08.??"]
[Round "8"]
[White "Tonoli, Walter"]
[Black "Cardon, Helmut"]
[Result "1/2-1/2"]
[WhiteElo "2335"]
[BlackElo "2380"]
[EventDate "1988.08.04"]
[Source "M. Ploeger, 15e Internationaal ECI-schaaktoernooi, 1988"]
[BlackTitle "IM"]

1. c4 e6 2. Nf3 d5 3. g3 dxc4 4. Qa4+ Nd7 5. Qxc4 c5 6. Bg2 Ngf6 7. O-O b6
8. b3 Bb7 9. Bb2 Bd6 10. d3 O-O 11. Nbd2 Qe7 12. a4 a6 13. Qh4 b5 14. Ng5 Bxg2
1/2-1/2

[Event "15th ECI tournament, Euwe memorial"]
[Site "Sas van Gent"]
[Date "1988.08.??"]
[Round "8"]
[White "Meulders, Richard"]
[Black "Weemaes, Ronald"]
[Result "1/2-1/2"]
[WhiteElo "2320"]
[BlackElo "2340"]
[EventDate "1988.08.04"]
[Source "M. Ploeger, 15e Internationaal ECI-schaaktoernooi, 1988"]
[WhiteTitle "FM"]
[BlackTitle "FM"]

1. d4 Nf6 2. c4 c5 3. d5 b5 4. cxb5 a6 5. bxa6 Bxa6 6. Nc3 g6 7. Nf3 d6 8. g3
Bg7 9. Bg2 O-O 10. O-O Nbd7 11. Re1 Qb6 12. h3 Rfb8 13. Qc2 Ne8 14. e4 Qb4
15. a3 Qb3 16. Qxb3 Rxb3 17. Nd1 Rab8 18. Nd2 R3b6 19. Bf1 Ne5 20. Bxa6 Rxa6
21. Re3 Nc7 22. Kf1 f5 23. Nc3 fxe4 24. Rxe4 Nd3 25. Rxe7 Bxc3 26. Rxc7 Ba5
27. Rd7 Nxc1 28. Ne4 Nb3 1/2-1/2

[Event "15th ECI tournament, Euwe memorial"]
[Site "Sas van Gent"]
[Date "1988.08.??"]
[Round "8"]
[White "Goormachtigh, Johan"]
[Black "Pirisi, Gábor"]
[Result "1/2-1/2"]
[WhiteElo "2315"]
[BlackElo "2370"]
[EventDate "1988.08.04"]
[Source "M. Ploeger, 15e Internationaal ECI-schaaktoernooi, 1988"]
[WhiteTitle "FM"]
[BlackTitle "IM"]

1. d4 Nf6 2. Nf3 g6 3. c4 Bg7 4. g3 O-O 5. Bg2 d6 6. O-O c5 7. Nc3 Nc6 8. dxc5
dxc5 9. Be3 Be6 10. Bxc5 Qa5 11. Ba3 Rfd8 12. Nd2 Rd7 13. Nd5 Nxd5 14. cxd5 Bxd5
15. Nb3 Qd8 16. Nc5 Bxg2 17. Qxd7 Bxf1 18. Kxf1 Qxd7 19. Nxd7 Rd8 20. Rd1 Kh8
21. Ke1 Nd4 22. Rc1 Nb5 1/2-1/2

[Event "15th ECI tournament, Euwe memorial"]
[Site "Sas van Gent"]
[Date "1988.08.??"]
[Round "9"]
[White "Grooten, Herman"]
[Black "Goormachtigh, Johan"]
[Result "1-0"]
[WhiteElo "2325"]
[BlackElo "2315"]
[EventDate "1988.08.04"]
[Source "M. Ploeger, 15e Internationaal ECI-schaaktoernooi, 1988"]
[WhiteTitle "FM"]
[BlackTitle "FM"]

1. d4 Nf6 2. Nf3 g6 3. c4 Bg7 4. Nc3 d5 5. Bg5 Ne4 6. Bh4 Nxc3 7. bxc3 c5 8. e3
Nc6 9. Rc1 Be6 10. Ng5 Bf5 11. g4 Bc8 12. Qf3 f6 13. cxd5 Nxd4 14. exd4 fxg5
15. Bxg5 cxd4 16. Bc4 Qd6 17. cxd4 Bxd4 18. O-O Rf8 19. Qe4 Qe5 20. Qxe5 Bxe5
21. Rfe1 Bf6 22. Bh6 Bxg4 23. Bxf8 Kxf8 24. Bb3 a5 25. Rc7 a4 26. Bc4 Rc8 27. d6
exd6 28. Rf7+ Kg8 29. Bd5 Bf3 30. Be6 Bc3 31. Rc7+ 1-0